Matīn Ḥaidarābādī aur un kī ek ʻilmī taḥqīq. (Record no. 77313)

MARC details
000 -LEADER
fixed length control field 00900cam a22002651 4500
001 - CONTROL NUMBER
control field sa 68000591
003 - CONTROL NUMBER IDENTIFIER
control field DLC
005 - DATE AND TIME OF LATEST TRANSACTION
control field 20260227112425.0
008 - FIXED-LENGTH DATA ELEMENTS--GENERAL INFORMATION
fixed length control field 891009s1962 ii c b 000 0 urdr
010 ## - LIBRARY OF CONGRESS CONTROL NUMBER
LC control number sa 68000591
025 ## - OVERSEAS ACQUISITION NUMBER
Overseas acquisition number PL480:I-U-380
035 ## - SYSTEM CONTROL NUMBER
System control number (OCoLC)20459532
040 ## - CATALOGING SOURCE
Original cataloging agency DLC
Transcribing agency WaU
Modifying agency DLC
042 ## - AUTHENTICATION CODE
Authentication code premarc
050 00 - LIBRARY OF CONGRESS CALL NUMBER
Classification number PK1979
Item number .M33 1962
100 0# - MAIN ENTRY--PERSONAL NAME
Personal name Matīn Ḥaidarābādī,
Dates associated with a name 1897?-1949.
245 00 - TITLE STATEMENT
Title Matīn Ḥaidarābādī aur un kī ek ʻilmī taḥqīq.
260 ## - PUBLICATION, DISTRIBUTION, ETC.
Place of publication, distribution, etc. [Hyderabad,
Name of publisher, distributor, etc. Ḥaidarābād Urdū Akāḍemī,
Date of publication, distribution, etc. 1962]
300 ## - PHYSICAL DESCRIPTION
Extent 104 p.
Other physical details port.
Dimensions 18 cm.
490 1# - SERIES STATEMENT
Series statement Urdū Akāḍemī, Hyderabad, India. Silsilah-yi mat̤būʻāt Ḥaidarābād Urdū Akāḍemī,
Volume/sequential designation 10
500 ## - GENERAL NOTE
General note In Urdu.
504 ## - BIBLIOGRAPHY, ETC. NOTE
Bibliography, etc. note Bibliography: p. 102-103.
650 #0 - SUBJECT ADDED ENTRY--TOPICAL TERM
Topical term or geographic name entry element Urdu language
General subdivision Alphabet.
830 #0 - SERIES ADDED ENTRY--UNIFORM TITLE
Uniform title Silsilah-yi mat̤būʻāt Ḥaidarābād Urdū Akāḍemī ;
Volume/sequential designation 10.

No items available.

Powered by Koha